| 000 | 00451nam a2200193Ia 4500 | ||
|---|---|---|---|
| 003 | 0100 | ||
| 008 | 130303s9999 xx 000 0 und d | ||
| 040 | _cARRUPELIB | ||
| 050 | _aJX1395.L831968 | ||
| 100 | _aLuard, Evan | ||
| 245 | _aConflict and peace in the modern international system | ||
| 260 | _aBoston | ||
| 260 | _bLittle, Brown | ||
| 260 | _C1968 | ||
| 300 | _aviii | ||
| 300 | _b 343 p.21 cm | ||
| 700 | _aEvan Luard | ||
| 942 | 0 | 0 | _01 |
| 999 |
_c35504 _d35504 |
||